مكتبة جامعة عجلون الوطنية

فهرس بحث المكتبة

Normal view MARC view
  • المس الشيطاني- السحر

Entry Topical Term

Number of records used in: 1

001 - CONTROL NUMBER

  • control field: 37026

003 - CONTROL NUMBER IDENTIFIER

  • control field: JO-AjAnu

005 - DATE AND TIME OF LATEST TRANSACTION

  • control field: 20230606080158.0

008 - FIXED-LENGTH DATA ELEMENTS

  • fixed length control field: 230606|| aca||aabn | a|a d

040 ## - CATALOGING SOURCE

  • Original cataloging agency: JO-AjAnu
  • Transcribing agency: JO-AjAnu

150 ## - HEADING--TOPICAL TERM

  • Topical term or geographic name entry element: المس الشيطاني- السحر

670 ## - SOURCE DATA FOUND

  • Source citation: Work cat.: (JO-AjAnu)19002: الجبالي، أبو محمد ، سعد الدين علامة, author 37025, أفعال شيطانية في ليلة الدخلة: الربط وأنواعه وطرق علاجه